By of the Body Of the Earth/ (Record no. 196642)

MARC details
000 -LEADER
fixed length control field 00525 a2200193 4500
005 - DATE AND TIME OF LATEST TRANSACTION
control field 20230719152837.0
010 ## - LCCN (DPL NO)
LC control number ENG-137457
020 ## - INTERNATIONAL STANDARD BOOK NUMBER
International Standard Book Number 9788188893294
Terms of availability 220.00
035 ## - SYSTEM CONTROL NUMBER
System control number EN-120989
037 ## - SOURCE OF ACQUISITION
Source of stock number/acquisition DBAD/Pub
082 14 - DEWEY DECIMAL CLASSIFICATION NUMBER
Classification number S
100 ## - MAIN ENTRY--PERSONAL NAME
Personal name Satprem.
245 1# - TITLE STATEMENT
Title By of the Body Of the Earth/
Statement of responsibility, etc satprem
246 ## - VARYING FORM OF TITLE
Title proper/short title The Sannyasi/
260 ## - PUBLICATION, DISTRIBUTION, ETC. (IMPRINT)
Place of publication, distribution, etc Mysore
Name of publisher, distributor, etc Parksons Graphics India
270 ## - ADDRESS
Address Mira aditi centre 27,I block Ramakrishna nagar
City Mysore
Postal code 570022
300 ## - PHYSICAL DESCRIPTION
Extent 379p.;
Dimensions 22cm(pbk)
942 ## - ADDED ENTRY ELEMENTS (KOHA)
Item type English Books
Source of classification or shelving scheme Dewey Decimal Classification
Classification part S
Call number suffix SAP
Holdings
Withdrawn status Lost status Not for loan Collection code Home library Current library Date acquired Source of acquisition Cost, normal purchase price Full call number Barcode Copy number Cost, replacement price Koha item type
      Non-fiction Bawana Bawana 19/07/2023 DBAD 220.00 S SAT EN-120989 1 220.00 English Books

© Delhi Public Library
Hit Counter
free hit counter